000 00333nam a2200133Ia 4500
999 _c4
_d4
003 OSt
008 191201s2019 xx 000 0 und d
100 _aRONHUBBARD, L
245 0 _aDianetics 55/ Complete Manual of Human Communication
260 _aN. delhi
_bHubbard Pub
_c2007
300 _a343
650 _aGeneral Books
942 _2ddc
_cBK